|
|
|
|
| LEADER |
00000nab a2200000 a 4500 |
| 001 |
vtls000652628 |
| 003 |
SK-MaSNL |
| 005 |
20260305010843.0 |
| 008 |
250425c1997 xo 0 slo |
| 015 |
|
|
|a SNBRA1998/02-04860
|
| 035 |
|
|
|a CLN000004822
|
| 035 |
|
|
|a urn:nbn:sk:snk-ab7eko
|
| 035 |
|
|
|a (uuid)5300f383-7abc-48e3-b142-8454ae7fb86a
|
| 035 |
|
|
|a (urnnbn)urn:nbn:sk:snk:ar-a07x6q
|
| 035 |
|
|
|a (sysno)vtls000652628
|
| 040 |
|
|
|a SNKBUCL
|b slo
|c SNKBUCL
|e AACR2
|
| 041 |
0 |
|
|a slo
|
| 044 |
|
|
|a xo
|c SK
|
| 080 |
|
|
|a 82:681.3
|2 1997
|
| 080 |
|
|
|a 681.3
|2 1997
|
| 100 |
1 |
|
|a Čačko, Peter,
|d 1936-2021
|4 aut
|9 217969
|
| 245 |
1 |
0 |
|a Diskusia
|c Peter Čačko, Gustáv Murín, Viliam Marčok
|
| 300 |
|
|
|b Fotogr.
|
| 650 |
0 |
7 |
|a literatúra umelecká
|x počítače
|x diskusie
|2 snkbucl
|9 1586514
|
| 650 |
0 |
7 |
|a počítače
|x literatúra umelecká
|2 snkbucl
|9 1560701
|
| 655 |
|
7 |
|a články z novín a časopisov
|2 snkbucl
|9 267496
|
| 700 |
1 |
|
|a Murín, Gustáv,
|d 1959-
|4 aut
|9 105033
|
| 700 |
1 |
|
|a Marčok, Viliam,
|d 1935-2013
|4 aut
|9 99981
|
| 773 |
0 |
|
|t Literika
|g Roč. 2, č. 4 (1997), s. 80-81
|x 1335-180X
|
| 850 |
|
|
|a Slovenská národná knižnica
|
| 852 |
|
|
|a Slovenská národná knižnica
|
| 954 |
|
|
|a odborná, vedecká literatúra pôvodná (slovenská)
|2 lita
|
| 958 |
|
|
|a article27
|
| 958 |
|
|
|a LX
|
| 958 |
|
|
|a OND
|
| 958 |
|
|
|a EUIPO
|
| 999 |
|
|
|c 3248996
|d 3250926
|